| 000 | 00762nam a2200229 i 4500 | ||
|---|---|---|---|
| 001 | 17172 | ||
| 003 | ES-MaACL | ||
| 005 | 20230906151522.0 | ||
| 007 | t| | ||
| 008 | 010111s1996 sp ||||1| spa d | ||
| 020 | _a84-605-5213-6 | ||
| 080 | _a821.134.2-14"19" | ||
| 100 | 1 |
_aGonzález-Guerrero, Antonio. _958691 |
|
| 245 | 1 | 4 |
_aLos dioses y los días / _cAntonio González-Guerrero ; edición de Carmen Peralto. |
| 260 |
_aMálaga : _bVizland & Palmart, _c1996. |
||
| 300 |
_a29 p. : _bil. ; _c21 cm. |
||
| 490 | 1 |
_aCuadernos "Málaga & poesía" ; _v5 |
|
| 700 | 1 |
_aPeralto, Carmen. _990393 |
|
| 830 | 0 |
_aCuadernos "Málaga & poesía" ; _v5 _9228694 |
|
| 852 |
_aES-MaACL _j2161-F-10 _bR.125340 _q. - Ded. autógr. del autor |
||
| 999 |
_c17172 _d17172 |
||